000 01839cam a2200385 a 4500
999 _c27993
_d27993
001 15176368
005 20170213105913.0
008 080211s2008 enka b 001 0 eng
010 _a 2008006273
020 _a9780521816328 (hbk. : alk. paper)
020 _a0521816327 (hbk. : alk. paper)
020 _a9780521016599 (pbk. : alk. paper)
020 _a0521016592 (pbk. : alk. paper)
035 _a(OCoLC)ocn192048187
035 _a(OCoLC)192048187
040 _aDLC
_cDLC
_dDLC
043 _ae------
_aff-----
_aaw-----
050 0 0 _aN5760
_b.S74 2008
100 1 _aStewart, Peter,
_d1971-
245 1 4 _aThe social history of Roman art /
_cPeter Stewart.
260 _aCambridge, UK ;
_aNew York :
_bCambridge University Press,
_c2008.
300 _axvi, 200 p. :
_bill. ;
_c24 cm.
440 0 _aKey themes in ancient history
504 _aIncludes bibliographical references (p. 173-194) and index.
650 0 _aArt, Roman.
650 0 _aArt and society
_zRome.
856 4 2 _3Contributor biographical information
_uhttp://www.loc.gov/catdir/enhancements/fy0810/2008006273-b.html
856 4 2 _3Publisher description
_uhttp://www.loc.gov/catdir/enhancements/fy0810/2008006273-d.html
856 4 1 _3Table of contents only
_uhttp://www.loc.gov/catdir/enhancements/fy0810/2008006273-t.html
942 _2lcc
_cBOOKS
_hN 5760 .S74 2008